Nhân vật Kim Dung nhìn qua lăng kính pháp luật

Gorde:
Xehetasun bibliografikoak
Egile nagusia: VŨ ĐỨC SAO BIỂN
Formatua: Liburua
Hizkuntza:Undetermined
Argitaratua: Trẻ 2002
Etiketak: Etiketa erantsi
Etiketarik gabe, Izan zaitez lehena erregistro honi etiketa jartzen!
Thư viện lưu trữ: Trung tâm Học liệu Trường Đại học Cần Thơ
LEADER 00440nam a2200145Ia 4500
001 CTU_49818
008 210402s9999 xx 000 0 und d
082 |a 895.1309 
082 |b V500 
100 |a VŨ ĐỨC SAO BIỂN 
245 0 |a Nhân vật Kim Dung nhìn qua lăng kính pháp luật 
245 0 |c VŨ ĐỨC SAO BIỂN 
260 |b Trẻ 
260 |c 2002 
980 |a Trung tâm Học liệu Trường Đại học Cần Thơ